02532nam a2200253Ia 450000500170000000800410001702000150005804100080007308200190008110000260010024500930012625000220021930000410024149000450028250516630032765000390199065000550202965000390208426400320212333600270215533700330218233800280221504000350224320220316235445.0121119s2003 sp a gr 000 0 spa  a84801928440 aspa04a658.4012bP17p1 aParis Roche, Fernando13aLa planificación estratégica en las organizaciones deportivas cFernando Paris Roche aPrimera edición a171 páginas bilustracionesc21 cm0 aColección gestión y administración3 aTodas las entidades y organizaciones, y por supuesto también las deportivas, se ven sometidas hoy en día a un cambio permanente en su entorno, en sus objetivos, en su forma de actuar, en sus expectativas, en la disponibilidad de recursos. Por todo ello, las organizaciones -y también los individuos- se ven obligados, cada vez con más frecuencia, a reflexionar sobre el camino a abordar en el futuro, sobre qué hacer, por dónde ir. O sea, las entidades -y las personas- se ven apremiadas a planificar. La base de este libro es la experiencia de planificación estratégica desarrollada en el organismo estatal y le será de gran ayuda para la comprensión y la implantación del proceso que denominamos planificación estratégica en las organizaciones y entidades deportivas, que presentan ciertas diferencias cualitativas en relación a las entidades privadas con fines de lucro. Cada organización, club, entidad, construirá a partir de él sus propios métodos, conceptos y forma de proceder, centrándose en el rumbo y en los objetivos. Si está usted al frente de una organización o entidad deportiva, el autor le recomienda que: piense en su situación actual, en los puntos fuertes y débiles de su organización, en los objetivos claros y definidos que le marcan el rumbo en las estrategias más adecuadas para cumplirlas, en los proyectos que está desarrollando, en cómo mejorarlos, etc., y si tiene dudas lea el libro con espíritu constructivo y seguro que le ayudará. Y, no lo olvide, como dice el ilustre jesuita aragonés Baltasar Gracián: Vivir anticipado, -esto es la planificación estratégica.14aAdministración de empresas2LEMB14aAdministración de instituciones deportivas2LEMB14aPlanificación empresarial 2LEMB aBarcelonabPaidotriboc2003 atextobtxt2rdacontent asin mediaciónbn2rdamedia avolumenbnc2rdacarrier aCO-BoRNBPbspaerdacCO-BoRNBP